| 000 | 02424cam a2200481Ma 4500 | ||
|---|---|---|---|
| 001 | ocn505124316 | ||
| 003 | OCoLC | ||
| 005 | 20210303085355.0 | ||
| 006 | m d | ||
| 007 | cr un||||||||| | ||
| 008 | 050909s2005 ne a ob 000 0 eng d | ||
| 020 |
_a9781849503693 (electronic bk.) : _c£64.95 ; € 91.95 ; $106.95 |
||
| 020 |
_a1849503699 (electronic bk.) : _c£64.95 ; € 91.95 ; $106.95 |
||
| 020 | _z0762312459 (hbk.) | ||
| 040 |
_aCaPaEBR _beng _cUBY _dOCLCQ _dZJC |
||
| 050 | 1 | 4 |
_aK18 _b.E837 v. 37 |
| 072 | 7 |
_aLAB _2bicssc |
|
| 072 | 7 |
_aSOC026000 _2bisacsh |
|
| 072 | 7 |
_aLAW026000 _2bisacsh |
|
| 080 | _a340 | ||
| 082 | 0 | 4 |
_a303.36 _222 |
| 245 | 0 | 0 |
_aCrime and punishment _h[electronic resource] : _bperspectives from the humanities / _cedited by Austin Sarat. |
| 260 |
_aAmsterdam ; _aBoston : _bElsevier JAI, _cc2005. |
||
| 300 |
_a1 online resource (ix, 331 p.) : _bill. |
||
| 490 | 1 |
_aStudies in law, politics, and society, _x1059-4337 ; _vv. 37 |
|
| 504 | _aIncludes bibliographical references. | ||
| 520 | _aVolume 37 of "Studies in Law, Politics, and Society" presents a special issue devoted to exploring humanistic perspectives on the subject of punishment. Drawing together a distinguished group of interdisciplinary scholars, it explores the way "deviant" subjects are constructed and made available for punishment, the philosophical context within which decisions about punishment are made, and the inner workings of the penal apparatus. Diverse in their theoretical inspirations and approaches, the articles published here represent a significant advance in our understanding of the complex intersections of punishment, politics, and culture. | ||
| 588 | _aDescription based on print version record. | ||
| 650 | 0 |
_aPunishment _xPhilosophy. |
|
| 650 | 0 |
_aCriminal law _xPhilosophy. |
|
| 650 | 0 |
_aCriminals _xPublic opinion. |
|
| 650 | 0 |
_aImprisonment _xSocial aspects. |
|
| 650 | 0 |
_aImprisonment _xMoral and ethical aspects. |
|
| 650 | 0 |
_aCriminals _xRehabilitation. |
|
| 650 | 7 |
_aJurisprudence & philosophy of law. _2bicssc |
|
| 650 | 7 |
_aSocial Science _xSociology _xGeneral. _2bisacsh |
|
| 650 | 7 |
_aLaw _xCriminal Law _xGeneral. _2bisacsh |
|
| 700 | 1 | _aSarat, Austin. | |
| 776 | 1 | _z9780762312450 | |
| 830 | 0 |
_aStudies in law, politics, and society ; _vv. 37. |
|
| 856 | 4 | 0 | _uhttps://www.emerald.com/insight/publication/doi/10.1016/S1059-4337(2005)37 |
| 913 | _1SSbacklist | ||
| 999 |
_c31845 _d31845 |
||